000 00808nam a2200241 a 4500
001 49303
003 BD-RjUL
005 20211209054649.0
008 160820s1962 bg ||||| |||| 00| 0 ben d
020 _c: Tk.2.00
035 _a(BD-RjUL)49422
040 _aBD-RjUL
_bben
_cBD-RjUL
_dBD-RjUL
041 _aben
082 _223
_a891.5
_bISR 1962
100 _aইসলাম, নজরুল
_9148100
245 1 0 _aরুবাইয়াৎ-ইহাফিজ /
_cনজরুল ইসলাম
250 _a৩ য় সং.
260 _aকলিকাতা :
_bডি.এম. লাইব্রেরী,
_c১৯৬২
300 _a৮৮ পৃ. ;
_c২০ সেমি.
650 _aইরানী সাহিত্য
_9124307
650 _aIranian literature
_9148101
942 _2ddc
_cBK
999 _c49303
_d49303